000 00638nam a22002057a 4500
999 _c9597
_d9597
003 AR-CdUCM
008 190328b ||||| |||| 00| 0 spa d
020 _a978-84-236-9066-4
040 _aMUNICIPALIDAD PROVINCIAL DEL CUSCO
_cBIBLIOTECA MUNICIPAL DEL CUSCO
082 _211ed.
_aSI-0099 /
_bNAV / cid
100 _aNavarro Durán, Rosa
_925823
245 _aEl Cid contado a los niños /
260 _aBarcelona :
_bEdebé,
_c2008.
300 _a181 páginas ;
_bIlustraciones.
_c20 cm.
650 _aLiteratura infantil
_9588
650 _aSiglo XXI
_92856
700 _aRovira, Francesc
_925824
942 _2ddc
_cLIBROS
945 _aafb